| 000 | 00691nam a2200193 a 4500 | ||
|---|---|---|---|
| 001 | 000041226 | ||
| 005 | 20201002034722.0 | ||
| 008 | 130926s1965 sp 001 0 spa d | ||
| 040 |
_aDO-SdBNP _bspa _cBNPHU |
||
| 082 |
_axxx _bxxxx |
||
| 100 | 1 |
_aAzpilcueta, Martín de _967803 |
|
| 245 | 1 | 0 |
_aComentario Resolutorio de Cambios. / _cMartín de Azpilcueta; introducción, Alberto Ullastres, José M. Pérez Prendes, Luciano Pereña. |
| 260 |
_aMadrid, : _bCSIC, _c1965. |
||
| 300 |
_av. ; _c21 cm. |
||
| 700 | 1 |
_aUllastres, Alberto _967804 |
|
| 700 | 1 |
_aPérez Prendes, José M. _967805 |
|
| 700 | 1 |
_aPereña, Luciano _914911 |
|
| 710 | 2 |
_aConsejo superior de investigaciones científicas _94786 |
|
| 999 |
_c40716 _d40716 |
||